| 000 | 00459nam a2200193Ia 4500 | ||
|---|---|---|---|
| 003 | 0100 | ||
| 008 | 130307s9999 xx 000 0 und d | ||
| 040 | _cARRUPELIB | ||
| 050 | _aHB501.M48E3 | ||
| 100 | _aMarx, Karl | ||
| 245 | _aCapital, the Communist manifesto, and other writings | ||
| 260 | _aNY | ||
| 260 | _bRandom House | ||
| 260 | _c1932 | ||
| 300 | _a429p | ||
| 650 | _bCountry life--Kenya | ||
| 650 | _cKenya - Race Relations | ||
| 942 | 0 | 0 | _010 |
| 999 |
_c86421 _d86421 |
||